Detalles MARC
| 000 -LÍDER |
| Campo fijo de descripción fija |
01363aam a2200325 4500 |
| 001 - NÚMERO DE CONTROL |
| Campo de control |
20067 |
| 003 - IDENTIFICADOR DEL NÚMERO DE CONTROL |
| Campo de control |
CO-MdFUSB |
| 005 - FECHA Y HORA DE LA ULTIMA TRANSACCIÓN |
| control field |
20180622170413.0 |
| 008 - ELEMENTOS DE LONGITUD FIJA -- INFORMACIÓN GENERAL |
| Campo fijo de descripción fija -- Información general |
170216t1993 enk||||f |||| 00| 0 eng d |
| 020 ## - NÚMERO INTERNACIONAL NORMALIZADO PARA LIBROS |
| Número Internacional Normalizado del libro |
0-19-826745-2 |
| 040 ## - FUENTE DE CATALOGACIÓN |
| Agencia de catalogación original |
CO-MdFUSB |
| Idioma de catalogación |
spa |
| Agencia que realiza la transcripción |
CO-MdFUSB |
| Agencia que realiza la modificación |
CO-MdFUSB |
| Convenciones de la descripción |
rda |
| 041 ## - CÓDIGO DE IDIOMA |
| Código de idioma para texto/pista de sonido o título separado |
eng |
| 082 0# - NÚMERO DE CLASIFICACIÓN DECIMAL DEWEY |
| Número de clasificación |
24 |
| Número de la edición del Dewey |
G 270.1092 |
| Clave de autor-Numero de item |
L986c |
| 100 1# - ASIENTO PRINCIPAL--NOMBRE PERSONAL |
| Nombre personal |
Lyman, J. Rebecca |
| Término relacionador |
autor |
| 245 10 - TÍTULO |
| Título del Material |
Christology and cosmology |
| Parte restante del título - Subtitulo |
: Models of divine activity in Origen, Eusebius, and Athanasius |
| Mención de responsabilidad, etc. |
/ J. Rebecca Lyman |
| 264 #1 - PRODUCCIÓN, PUBLICACIÓN, DISTRIBUCIÓN, MANUFACTURA, Y COPYRIGHT |
| Lugar de producción, publicación, distribución, manufactura |
Oxford, England : |
| Nombre del productor, publicador, distribuidor |
Clarendon Press, |
| Fecha de producción, publicación, distribución, manufactura, o copyright |
℗[1993] |
| 264 #4 - PRODUCCIÓN, PUBLICACIÓN, DISTRIBUCIÓN, MANUFACTURA, Y COPYRIGHT |
| Fecha de producción, publicación, distribución, manufactura, o copyright |
©1993 |
| 300 ## - DESCRIPCIÓN FÍSICA |
| Extensión |
184 páginas |
| Otros detalles físicos |
: |
| Dimensiones |
; |
| 336 ## - TIPO DE CONTENIDO |
| Fuente |
rdacontent |
| Término de tipo de contenido |
|
| Código de tipo de contenido |
|
| 337 ## - TIPO DE MEDIO |
| Fuente |
rdamedia |
| Nombre del tipo de medio |
|
| Código del tipo de medio |
|
| 338 ## - TIPO DE SOPORTE |
| Fuente |
rdacarrier |
| Nombre del tipo de soporte |
|
| Código Tipo de soporte |
|
| 490 0# - MENCIÓN DE SERIE |
| Mención de serie |
Oxford Theological Monographs |
| 501 ## - NOTA DE “CON” |
| Nota de Contenido |
Incluye índice (p. 182-184) |
| 504 ## - NOTA DE BIBLIOGRAFÍA, ETC. |
| Nota de bibliografía, etc |
Bibliografía (p. 165- 181) |
| 505 00 - NOTA DE CONTENIDO |
| Nota de contenido con formato preestablecido |
Cosmologías cristianas primitivas - Orígenes: Bondad y libertad - Eusebio de Cesarea: Potencia y progreso - Atanasio: Trascendencia y transformación |
| 540 ## - NOTA DE CONDICIONES DE USO Y REPRODUCCION |
| Términos que regulan el uso y reproducción |
Pasta dura |
| 650 14 - ASIENTO SECUNDARIO DE MATERIA - TERMINO TEMÁTICO |
| Término temático o nombre geográfico como elemento de entrada |
Cosmología - Período apostólico a 325 \ Creacionismo \ Teología natural \ humananidad \ Atanasio, Santo, Patriarca de Alejandría, -373 \ Eusebio, de Cesarea, obispo de Cesarea, aproximadamente 260, aproximadamente 340 \ Orígenes \ Jesucristo |
| 942 ## - TIPO DE MATERIAL (KOHA) |
| Tipo de Item KOHA |
Libros General |